000
00207nam a2200085Ia 4500
008
120527s9999 xx 000 0 und d
100
_a
Harris & Berk
245
_a
Infants, Children and Adolescents
942
_c
BK
999
_c
27462
_d
27462